<?xml version="1.0" encoding="UTF-8"?><?xml-stylesheet type="text/xsl" href="static/style.xsl"?><OAI-PMH xmlns="http://www.openarchives.org/OAI/2.0/" xmlns:xsi="http://www.w3.org/2001/XMLSchema-instance" xsi:schemaLocation="http://www.openarchives.org/OAI/2.0/ http://www.openarchives.org/OAI/2.0/OAI-PMH.xsd"><responseDate>2026-04-17T22:49:06Z</responseDate><request verb="GetRecord" identifier="oai:www.recercat.cat:2072/463585" metadataPrefix="marc">https://recercat.cat/oai/request</request><GetRecord><record><header><identifier>oai:recercat.cat:2072/463585</identifier><datestamp>2026-04-14T07:19:10Z</datestamp><setSpec>com_2072_98</setSpec><setSpec>col_2072_378192</setSpec></header><metadata><record xmlns="http://www.loc.gov/MARC21/slim" xmlns:dcterms="http://purl.org/dc/terms/" xmlns:xsi="http://www.w3.org/2001/XMLSchema-instance" xmlns:doc="http://www.lyncode.com/xoai" xsi:schemaLocation="http://www.loc.gov/MARC21/slim http://www.loc.gov/standards/marcxml/schema/MARC21slim.xsd">
   <leader>00925njm 22002777a 4500</leader>
   <datafield ind2=" " ind1=" " tag="042">
      <subfield code="a">dc</subfield>
   </datafield>
   <datafield ind2=" " ind1=" " tag="720">
      <subfield code="a">Gardela Santacruz, Jaume</subfield>
      <subfield code="e">author</subfield>
   </datafield>
   <datafield ind2=" " ind1=" " tag="260">
      <subfield code="c">2022</subfield>
   </datafield>
   <datafield ind2=" " ind1=" " tag="520">
      <subfield code="a">Els oòcits poden vitrificar-se per a la conservació de recursos genètics animals i per la preservació de la fertilitat en les dones, però el procés presenta algunes dificultats. Investigadors del Departament de Sanitat i d'Anatomia Animals han investigat el paper de les proteïnes induïdes per fred, que augmenten la seva expressió davant la hipotèrmia, per millorar la tolerància dels oòcits a la vitrificació.</subfield>
   </datafield>
   <datafield ind2=" " ind1=" " tag="520">
      <subfield code="a">Los oocitos pueden vitrificarse para la conservación de recursos genéticos animales y para la preservación de la fertilidad en las mujeres, pero el proceso presenta algunas dificultades. Investigadores del Departamento de Sanidad y Anatomía Animal han investigado el papel de las proteínas inducidas por frío, que aumentan su expresión frente a la hipotermia, para mejorar la tolerancia de los ovocitos a la vitrificación.</subfield>
   </datafield>
   <datafield ind2=" " ind1=" " tag="520">
      <subfield code="a">Oocytes can be vitrified for the conservation of animal genetic resources and for the preservation of fertility in women, but the process presents some difficulties. Researchers from the Department of Health and Animal Anatomy have investigated the role of cold-inducible proteins, which increase their expression in hypothermia conditions, to improve the tolerance of oocytes to vitrification.</subfield>
   </datafield>
   <datafield ind2="0" ind1="0" tag="245">
      <subfield code="a">Oòcits, hipotèrmia i vitrificació : quin és el paper de les proteïnes induïdes per fred?</subfield>
   </datafield>
</record></metadata></record></GetRecord></OAI-PMH>